| 000 | 01170nam a2200205 i 4500 | ||
|---|---|---|---|
| 001 | 165314 | ||
| 003 | ES-MaACL | ||
| 005 | 20251003164834.0 | ||
| 008 | 991117s1879 sp |||| | spa d | ||
| 040 |
_aCCPB | B _bspa _cCCPB | B |
||
| 100 | 1 |
_aShakespeare, William, _d1564-1616 _9105992 |
|
| 245 | 1 | 0 |
_aPensamientos, máximas, aforismos y definiciones _b: entresacadas de todos los poemas, sonetos, comedias, historias y tragedias de William Shakspeare [sic] con adicion de los trozos más selectos contenidos en sus diversas obras / _ctraduccion fiel de la edicion inglesa de E. Malone y ajustada á las interpretaciones de los primeros comentaristas del poeta por Matías de Velasco y Rojas. |
| 260 |
_aMadrid : _b[s.n.], _c1879 ( _fEstablecimientos tipográficos de M. Minuesa) |
||
| 300 |
_a85 p. ; _c21 cm. |
||
| 700 | 1 |
_aMalone, Edmondo, _d1741-1812 _9129397 |
|
| 700 | 1 |
_aVelasco y Rojas, Matías de, _cMarqués de Dos Hermanas, _d1829-1900 _9113781 |
|
| 852 |
_aES-MaACL _jT-931-F-3 _z-- Enc. hol., conservando la cub. original _z-- Enc. en un vol. facticio _z.- Donat. del Ministerio de Fomento |
||
| 999 |
_c165314 _d165314 |
||